LEADER 03075nam 22005534a 450 001 9910143573703321 005 20170810185134.0 010 $a1-280-27657-6 010 $a9786610276578 010 $a0-471-71671-5 010 $a0-471-71670-7 035 $a(CKB)1000000000355465 035 $a(SSID)ssj0000104284 035 $a(PQKBManifestationID)11133453 035 $a(PQKBTitleCode)TC0000104284 035 $a(PQKBWorkID)10078533 035 $a(PQKB)10699924 035 $a(MiAaPQ)EBC238506 035 $a(EXLCZ)991000000000355465 100 $a20040820d2005 uy 0 101 0 $aeng 135 $aurcn||||||||| 181 $ctxt 182 $cc 183 $acr 200 00$aAntiviral drug discovery for emerging diseases and bioterrorism threats$b[electronic resource] /$fedited by Paul F. Torrence 210 $aHoboken, N.J. $cWiley-Interscience$dc2005 215 $ax, 420 p. $cill 300 $aBibliographic Level Mode of Issuance: Monograph 311 $a0-471-66827-3 320 $aIncludes bibliographical references and index. 327 $aViral bioterrorism and antiviral countermeasures / M. Bray -- Research on emerging and bioterror threats / C. Tseng -- Antiviral drug targets and strategies for emerging viral diseases and bioterrorism threats / E. de Clercq -- Perspectives for the therapy against arenavirus infections / E.B. Damonte, C.C. Garcia -- S-adenosylhomocysteine hydrolase inhibitors as a source of anti-filovirus agents / S.W. Schneller, M. Yang -- Antiviral strategies for Ebola virus / R.N. Harty and J. M. Licata -- IMPDH inhibitors : discovery of antiviral agents against emerging diseases / V. Nair -- Lethal mutagenesis : exploiting error-prone replication of riboviruses for -- Antiviral therapy / J.D. Graci, C.E. Cameron -- Structural biology of flavivral replications and opportunities for drug design / K. Murthy -- Confronting new and old antiviral threats : broad spectrum potential of prenylation inhibitors / M. Elazar, J.S. Glenn -- 327 $aThe discovery and development of new antivirals for smallpox / E.R. Kern -- Prevention of viral infection by immunocamouflage of target tissues / L. McCoy, M.D. Scott -- Viral evasion of the interferon system : novel targets for drug discovery / L. Powell, P.F. Torrence -- The emergence of pandemic influenza : bioterrorist vs. mother nature / J. S. Oxford, A. Catchpole, R. Lambkin -- Novel approach to smallpox (variola) inhibitors / A. Rich, B. Jacobs -- Structure-based design of anti-SARS drug / R. Hilgenfeld. 606 $aAntiviral agents 606 $aDrug development 606 $aBioterrorism 608 $aElectronic books. 615 0$aAntiviral agents. 615 0$aDrug development. 615 0$aBioterrorism. 676 $a616.9/1061 701 $aTorrence$b Paul F$0893543 801 0$bMiAaPQ 801 1$bMiAaPQ 801 2$bMiAaPQ 906 $aBOOK 912 $a9910143573703321 996 $aAntiviral drug discovery for emerging diseases and bioterrorism threats$91996063 997 $aUNINA LEADER 04277nam1 22006613i 450 001 RAV0068935 005 20251003044321.0 020 $aIT$b77-8271 100 $a19891005d1977 ||||0itac50 ba 101 | $aita$cita 102 $ait 105 $a|||| 1||y| 181 1$6z01$ai $bxxxe 182 1$6z01$an 183 1$6z01$anc$2RDAcarrier 200 1 $aˆL'‰Italia dalla liberazione alla Repubblica$eatti del Convegno internazionale organizzato a Firenze il 26-28 marzo 1976 con il concorso della Regione Toscana 210 $aMilano$cFeltrinelli$d[1977?] 215 $a490 p.$d23 cm 225 | $aˆI ‰fatti e le idee$v372 300 $aIn testa al frontespizio Istituto nazionale per la storia del movimento di liberazione in Italia. 410 0$1001CFI0005763$12001 $aˆI ‰fatti e le idee$v372 464 1$1001CSA0113906$12001 $aCollocazione internazionale dell' Italia dall' armistizio alle premesse dell' alleanza atlantica (1943-1947)$fEnzo Collotti$1700 1$aCollotti$b, Enzo$3CFIV046482 464 1$1001CSA0113908$12001 $aˆIl ‰governo Parri e le forze politiche$fGiorgio Vaccarino$1700 1$aVaccarino$b, Giorgio$3CFIV074433 464 1$1001CSA0113911$12001 $aˆIl ‰dibattito sulla politica economica della ricostruzione (1943-47)$fPiero Barucci$1700 1$aBarucci$b, Piero$3CFIV019495 464 1$1001CSA0113912$12001 $aˆL' ‰epurazione$fMarcello Flores$1700 1$aFlores$b, Marcello$3CFIV106003 464 1$1001CSA0113913$12001 $aˆLa ‰politica dell' Unione Sovietica nei confronti dell' Italia alla fine della seconda guerra mondiale$fGheorghi Filatov $1700 1$afilatov$b, gheorghi$3CSAV036859 464 1$1001CSA0113914$12001 $aˆI ‰rapporti franco-italiani dall' armistizio alla firma del Patto atlantico$fPierre Guillen$1700 1$aGuillen$b, Pierre$3RAVV016029 464 1$1001CSA0113915$12001 $aˆLa ‰questione del confine italo-jugoslavo nei rapporti tra il partito comunista italiano e il partito comunista jugoslavo$fDragovan Sepic$1700 1$a?epi?$b, Dragovan$3SBLV306767 464 1$1001CSA0113947$12001 $aˆL' ‰avvento di De Gasperi$fPietro Scoppola$1700 1$aScoppola$b, Pietro$3CFIV012551 500 10$aˆL'‰Italia dalla liberazione alla Repubblica$3UBO4829444$9UBOV148790$94327094 606 $aITALIA$xPolitica$x1943-1946$xCongressi$xFirenze$x1976$2FIR$3RAVC034214$9I 676 $a945.09$9STORIA. ITALIA. 1900-$v23 676 $a945.0916$9STORIA. ITALIA. PERIODO DELLA RESISTENZA ARMATA E DELLA FINE DEL REGNO, 1943-1946$v21 676 $a945.092$9STORIA D'ITALIA. REPUBBLICA, 1946-$v12 676 $a945.092$9STORIA D'ITALIA. Repubblica. 1946-$v20 686 $aIT/3420.1$cPRIMO DOPOGUERRA ITALIA 1945-1948$2R 686 $aIT/3420.2$cCENTRISMO ITALIA 1948-1963$2R 686 $aRETE$cPUBBLICAZIONI DELL'INSMLI E DEGLI ISTITUTI ASSOCIATI$2R 686 $aX0.8/1976$cCONFERENZE CONGRESSI E CONVEGNI (ATTI DI) 1976$2R 696 $aConvegni$aCongressi e convegni$aVita politica$aAttività politica$aAspetti politici 699 $aCongressi$yConvegni 699 $aCongressi$yCongressi e convegni 699 $aPolitica$zVita politica 699 $aPolitica$zAttività politica 699 $aPolitica$zAspetti politici 710 12$aConvegno Internazionale L'Italia dalla liberazione alla Repubblica$f <1976$e ; Firenze>$3UBOV148790$4070$01790480 712 02$aIstituto nazionale per la storia del movimento di liberazione in Italia$3CFIV008249 712 02$aToscana$c $3CFIV013987 791 02$aINSMLI$3LO1V341756$zIstituto nazionale per la storia del movimento di liberazione in Italia 801 3$aIT$bIT-000000$c19891005 850 $aIT-BN0095 $aIT-NA0230 901 $bNAP 01$cPOZZO LIB.$nVi sono collocati fondi di economia, periodici di ingegneria e scienze, periodici di economia e statistica e altri fondi comprendenti documenti di economia pervenuti in dono. 912 $aRAV0068935 950 1$aBiblioteca Centralizzata di Ateneo$c1 v.$d 01POZZO LIB.STORICA 15$e 0101 0000158385E VMA 1 v. (Precedente collocazione STORICA B 5)$fB $h20091222$i20091222 967 $n8 977 $a 01$a IR 996 $aItalia dalla liberazione alla Repubblica$94327094 997 $aUNISANNIO